000 00861nam a2200253Ia 4500
003 OSt
005 20221005112643.0
006 a|||||r|||| 00| 0
007 ta
008 221004b |||||||| |||| 00| 0 pan d
020 _a8171600739 (hbk)
_c950
024 _a6048
037 _b713, 26/06/2013, H.K. Prakashan
_cTextual
040 _aCRL
_cCRL
_bpan
041 _2pan
_apan
082 _aO153,2M97x, Q2
100 _aਆਤਮਜੀਤ
245 0 _aਨਾਨਕ ਸਿੰਘ ਦਾ ਸੰਪੂਰਨ ਨਾਟ ਸੰਗ੍ਰਹਿ
260 _aਜਲੰਧਰ
_bਨਿਊ ਬੁੱਕ ਕੰਪਨੀ ਭਾਰਤ
_c2012
300 _a354ਪੰ
_ccm.
650 _aਪੰਜਾਬੀ ਸਾਹਿਤ
942 _hO153,2M97x, Q2
_cTEXL
_2cc
999 _c1025544
_d1025544